000
00276nam a2200133Ia 4500
100
_a
Swaminathan
942
_c
BK
654
_a
Costing
245
_a
Lectures on Costing
260
_b
S.Chand & co
_a
New Delhi
_c
1985
082
_a
657.4
300
_a
471
546
_a
ENGLISH
999
_c
21990
_d
21990